CTET exam goalpost: (Record no. 165477)
[ view plain ]
| 000 -LEADER | |
|---|---|
| fixed length control field | 00737nam a22001937a 4500 |
| 005 - DATE AND TIME OF LATEST TRANSACTION | |
| control field | 20190619143215.0 |
| 010 ## - LCCN (DPL NO) | |
| LC control number | B-728376 |
| 020 ## - INTERNATIONAL STANDARD BOOK NUMBER | |
| International Standard Book Number | 9788126565566 |
| Terms of availability | 299.00 |
| 035 ## - SYSTEM CONTROL NUMBER | |
| System control number | B-728376 |
| 037 ## - SOURCE OF ACQUISITION | |
| Source of stock number/acquisition | RK Books |
| Stock number | dpl |
| 082 ## - DEWEY DECIMAL CLASSIFICATION NUMBER | |
| Classification number | 000 |
| 245 ## - TITLE STATEMENT | |
| Title | CTET exam goalpost: |
| Remainder of title | paper-II - maths/science solved papers class VI-VIII / |
| 260 ## - PUBLICATION, DISTRIBUTION, ETC. (IMPRINT) | |
| Date of publication, distribution, etc | 2017 |
| Place of publication, distribution, etc | New Delhi |
| Name of publisher, distributor, etc | Wiley India Pvt. Ltd. |
| 270 ## - ADDRESS | |
| Address | 4435-36/7, Ansari Road,Daryaganj |
| City | New Delhi |
| Postal code | 110002 |
| 300 ## - PHYSICAL DESCRIPTION | |
| Dimensions | 28cm(pbk) |
| Extent | xii,411p |
| Other physical details | ill. |
| 500 ## - GENERAL NOTE | |
| General note | paper-II, class vi-viii |
| 942 ## - ADDED ENTRY ELEMENTS (KOHA) | |
| Item type | English Books |
| Source of classification or shelving scheme | Dewey Decimal Classification |
| Classification part | 000 |
| Call number suffix | CTE |
| Withdrawn status | Lost status | Not for loan | Collection code | Home library | Current library | Date acquired | Source of acquisition | Cost, normal purchase price | Full call number | Barcode | Copy number | Cost, replacement price | Koha item type | Public note |
|---|---|---|---|---|---|---|---|---|---|---|---|---|---|---|
| Non-fiction | Diz Area | Diz Area | 19/06/2019 | RK Books/IN457/2019-20/03.06.2019/07/29.06.2019/17.06.2019 | 299.00 | 000 CTE | B-728376 | 1 | 299.00 | English Books | RP DIZ |
